[Event "12e Tournoi de Noël"]
[Site "Montigny le Bretonneux"]
[Date "2009.12.27"]
[Round "2.5"]
[White "Le Grix De La Salle, Jean-Marie"]
[Black "Goulenok, Eric"]
[Result "0-1"]
[WhiteElo "1869"]
[BlackElo "2177"]
[Annotator "Rivier,Sylvain"]
[PlyCount "82"]
[Source "La Dame Noire"]
[SourceDate "2009.01.01"]

{Ouverture du pion dame} 1. d4 Nf6 2. e3 g6 3. Bd3 Bg7 4. f4 c5 5. c3 cxd4 6.
exd4 O-O 7. Nf3 d6 8. O-O Nc6 9. Nbd2 Rb8 10. Ne4 Nxe4 11. Bxe4 Qc7 12. Ng5 h6
13. Nf3 f5 14. Bd5+ e6 15. Bb3 Na5 16. d5 Nxb3 17. Qxb3 e5 18. Be3 b6 19. Rad1
Bb7 20. Rd2 Rbd8 21. Rfd1 Qf7 22. Qa4 Bc8 23. fxe5 dxe5 24. d6 Rd7 25. Rd5 Re8
26. Qb5 {#} f4 27. Bf2 e4 28. Ne5 Bxe5 29. Rxe5 Rxe5 30. Qxe5 e3 31. Be1 Rd8
32. Rd4 g5 33. c4 Re8 34. Qd5 Be6 35. Qb5 Bd7 36. Qb4 f3 37. gxf3 Qxf3 38. c5
Rf8 39. Qc4+ Kh7 40. a4 Bf5 41. Qd5 Bh3 0-1

[Event "12e Tournoi de Noël"]
[Site "Montigny le Bretonneux"]
[Date "2009.12.27"]
[Round "2.6"]
[White "Riazuelo, Gilles"]
[Black "Danzanvilliers, Patrice"]
[Result "1-0"]
[WhiteElo "2102"]
[BlackElo "1855"]
[Annotator "Rivier,Sylvain"]
[PlyCount "53"]
[Source "La Dame Noire"]
[SourceDate "2009.01.01"]

{Partie des quatre cavaliers, variante symétrique} 1. e4 e5 2. Nf3 Nf6 3. Nc3
Nc6 4. Bb5 Bb4 5. O-O O-O 6. d3 d6 7. Bg5 Bxc3 8. bxc3 a6 9. Ba4 b5 10. Bb3 Na5
11. Re1 h6 12. Bh4 Bb7 13. Qd2 Nxb3 14. cxb3 Re8 {#} 15. c4 c6 16. c5 dxc5 17.
Rac1 Qe7 18. Bxf6 Qxf6 19. Rxc5 Rad8 20. Qc3 Rd6 21. Nxe5 Red8 22. Re3 Qe6 23.
f4 f6 24. f5 Qe8 25. Ng6 Bc8 26. Nf4 Bxf5 27. Rxf5 1-0

[Event "12e Tournoi de Noël"]
[Site "Montigny le Bretonneux"]
[Date "2009.12.27"]
[Round "2.7"]
[White "Fayolle, Guy"]
[Black "Vallobra, Pierre"]
[Result "1-0"]
[WhiteElo "1842"]
[BlackElo "2055"]
[Annotator "Rivier,Sylvain"]
[PlyCount "121"]
[Source "La Dame Noire"]
[SourceDate "2009.01.01"]

{Défense française, variante Tarrasch fermée} 1. e4 e6 2. d4 d5 3. Nd2 Nf6 4.
e5 Nfd7 5. f4 c5 6. Ngf3 Nc6 7. c3 cxd4 8. cxd4 Qb6 9. Nb3 a5 10. a4 Bb4+ 11.
Kf2 Ne7 12. Bd3 f6 13. exf6 Nxf6 14. Ne5 O-O 15. Rf1 Bd6 16. Kg1 Nf5 17. Kh1
Bd7 {#} 18. g4 Bxe5 19. gxf5 Bd6 20. fxe6 Bxe6 21. f5 Bf7 22. Bb5 Qc7 23. Qe2
Bh5 24. Qg2 Rac8 25. Bd2 Qc2 26. Nxa5 Ne4 27. Nxb7 Qxd2 28. Qxd2 Nxd2 29. Nxd6
Rcd8 30. Rf2 Nb3 31. Ra3 Nxd4 32. Rd3 Bf3+ 33. Kg1 Rxd6 34. Rxd4 Rxf5 35. Be2
Rg6+ 36. Kf1 Bg2+ 37. Ke1 Re5 38. Kd2 Bh3 39. Rdf4 Re8 40. Bh5 Rc8 41. Bxg6
hxg6 42. b4 Bf5 43. Ke3 Kf7 44. a5 Ke6 45. a6 Rc3+ 46. Kd2 Ra3 47. b5 Kd6 48.
R4f3 Ra2+ 49. Kc3 Ra4 50. Kb3 Ra1 51. Ra2 Rb1+ 52. Ka4 Bd7 53. Rb3 Rf1 54. a7
Rf8 55. Ka5 Kc7 56. Rc2+ Kb7 57. b6 Ka8 58. Rc7 Bc6 59. b7+ Bxb7 60. Rcxb7 Rf5
61. Rb8+ 1-0

[Event "12e Tournoi de Noël"]
[Site "Montigny le Bretonneux"]
[Date "2009.12.27"]
[Round "2.8"]
[White "San Marco, Jean"]
[Black "Beaufils, Philippe"]
[Result "0-1"]
[WhiteElo "2008"]
[BlackElo "1835"]
[Annotator "Rivier,Sylvain"]
[PlyCount "80"]
[Source "La Dame Noire"]
[SourceDate "2009.01.01"]

{Ouverture du pion dame} 1. d4 Nf6 2. Nf3 e6 3. Bf4 b6 4. e3 Bb7 5. Bd3 d6 6.
h3 Nbd7 7. Nbd2 Be7 8. O-O Nd5 9. Bg3 f5 10. c3 O-O 11. e4 fxe4 12. Nxe4 Nf4
13. Bc2 e5 {#} 14. Re1 d5 15. Ned2 e4 16. Ne5 Nxe5 17. dxe5 Ng6 18. c4 c6 19.
Bb3 Kh8 20. cxd5 cxd5 21. Qe2 Bc5 22. Rad1 Qg5 23. Nf1 Nxe5 24. Bxd5 Bxd5 25.
Rxd5 Nf3+ 26. gxf3 Qxd5 27. fxe4 Qe6 28. Kg2 Qxa2 29. Rd1 Rad8 30. Rxd8 Rxd8
31. Be5 Bd4 32. Qd2 Qe6 33. f4 Qd7 34. Bxd4 Qxd4 35. Qxd4 Rxd4 36. Kf3 Rd3+ 37.
Kg4 g6 38. e5 Kg7 39. f5 gxf5+ 40. Kf4 Kf7 0-1

[Event "12e Tournoi de Noël"]
[Site "Montigny le Bretonneux"]
[Date "2009.12.27"]
[Round "2.9"]
[White "Kuhar, Carl"]
[Black "Baron, Romuald"]
[Result "1-0"]
[WhiteElo "1787"]
[BlackElo "1984"]
[Annotator "Rivier,Sylvain"]
[PlyCount "97"]
[Source "La Dame Noire"]
[SourceDate "2009.01.01"]

{Défense française, variante d'échange} 1. e4 e6 2. d4 d5 3. exd5 exd5 4. Bd3
c5 5. dxc5 Bxc5 6. Nc3 Nf6 7. Qe2+ Be6 8. Bg5 O-O 9. Nf3 Nbd7 10. O-O a6 11. h3
Qc7 12. a3 b5 13. Rfe1 h6 14. Bd2 Rfe8 15. Qf1 Nh5 16. Be3 Bxe3 17. Rxe3 Qb6
18. Ne2 Rac8 19. Nfd4 Nc5 20. Nxe6 Nxe6 21. Bf5 g6 22. Rxe6 Rxe6 23. Bxe6 fxe6
24. Qd1 Qc5 25. c3 e5 26. Qd3 Kg7 27. Rd1 Nf6 {#} 28. Qg3 Re8 29. Rd3 Ne4 30.
Qe3 Qc4 31. f3 Nf6 32. Qa7+ Kg8 33. Rd2 e4 34. Qxa6 Kf7 35. Nd4 e3 36. Re2 Qd3
37. Qxb5 Qd1+ 38. Kh2 Qf1 39. Qd3 Nh5 40. Rxe3 Qf2 41. Rxe8 Qg3+ 42. Kh1 Kxe8
43. Qe3+ Kf7 44. Qe6+ Kg7 45. Qe8 Kh7 46. Ne2 Qf2 47. Qf7+ Kh8 48. Qxg6 Qe1+
49. Kh2 1-0

[Event "12e Tournoi de Noël"]
[Site "Montigny le Bretonneux"]
[Date "2009.12.27"]
[Round "2.10"]
[White "Canto, Jean-Louis"]
[Black "Fruchard, Cyrille"]
[Result "0-1"]
[WhiteElo "1610"]
[BlackElo "1660"]
[Annotator "Rivier,Sylvain"]
[PlyCount "104"]
[Source "La Dame Noire"]
[SourceDate "2009.01.01"]

{Partie espagnole, défense fermée} 1. e4 e5 2. Nf3 Nc6 3. Bb5 a6 4. Ba4 Nf6 5.
O-O b5 6. Bb3 Be7 7. Re1 O-O 8. c3 d6 9. h3 Na5 10. Bc2 c5 11. d4 cxd4 12. cxd4
Nd7 13. Nc3 Re8 14. d5 Nf6 15. b3 Bd7 16. Bb2 Rc8 17. Bd3 Qb6 18. Rc1 Qa7 19.
Qe2 Rc7 20. Rc2 Rec8 21. Rec1 Nh5 22. Qd1 Nf4 23. Bf1 f5 24. exf5 Bxf5 25. Rd2
Ng6 26. Re2 Nh4 27. Nxh4 Bxh4 28. Qd2 Nb7 {#} 29. Rd1 b4 30. Nb5 axb5 31. Qxb4
Be7 32. a3 Qa5 33. Qxa5 Nxa5 34. a4 bxa4 35. bxa4 Rc2 36. Rxc2 Rxc2 37. Ba3 Ra2
38. Bb4 Rxa4 39. Bd2 Rd4 40. Be2 Bc2 41. Ra1 Rxd2 42. Bf3 Nc4 43. Ra7 Kf7 44.
Bg4 Rxd5 45. h4 Ra5 46. Rc7 d5 47. h5 Kf6 48. Rc6+ Bd6 49. Be2 Ke7 50. Rc8 e4
51. g4 Bd3 52. Bxd3 exd3 0-1

[Event "12e Tournoi de Noël"]
[Site "Montigny le Bretonneux"]
[Date "2009.12.27"]
[Round "2.11"]
[White "Thomas, Vincent"]
[Black "Brisson, Pascal"]
[Result "1/2-1/2"]
[WhiteElo "1979"]
[BlackElo "1826"]
[Annotator "Rivier,Sylvain"]
[PlyCount "77"]
[Source "La Dame Noire"]
[SourceDate "2009.01.01"]

{Ouverture anglaise, variante de Breme} 1. c4 e5 2. g3 g6 3. Bg2 Nf6 4. Nc3 Bg7
5. e4 O-O 6. Nge2 d6 7. O-O Be6 8. d3 c6 9. Kh1 a5 10. f3 Na6 11. Be3 Rb8 12.
Qd2 d5 13. cxd5 cxd5 14. exd5 Nxd5 15. Nxd5 Bxd5 16. Nc3 Bc6 17. Ne4 Bxe4 18.
dxe4 Qxd2 19. Bxd2 b6 20. Be3 Rfc8 21. Rfc1 Nc5 22. Bh3 Rd8 23. Rd1 Bf6 24. Bf1
Ne6 25. Rxd8+ Bxd8 26. Rd1 Bg5 27. Bf2 Rd8 28. Rxd8+ Bxd8 {#} 29. Bc4 Nd4 30.
f4 Bc7 31. g4 Kg7 32. f5 g5 33. Kg2 f6 34. h4 h6 35. h5 Bd6 36. Bxd4 exd4 37.
Kf2 Kf8 38. Ke2 Ke7 39. Kd3 1/2-1/2

[Event "12e Tournoi de Noël"]
[Site "Montigny le Bretonneux"]
[Date "2009.12.27"]
[Round "2.12"]
[White "Stroppa, Daniel"]
[Black "Mongey, Kilian"]
[Result "1-0"]
[WhiteElo "2208"]
[BlackElo "1670"]
[Annotator "Rivier,Sylvain"]
[PlyCount "61"]
[Source "La Dame Noire"]
[SourceDate "2009.01.01"]

{Partie italienne} 1. e4 e5 2. Bc4 Nf6 3. Nc3 Nc6 4. d3 Bc5 5. Nf3 d6 6. O-O
O-O 7. h3 Nd4 8. Nxd4 Bxd4 9. Be3 Bxe3 10. fxe3 c6 11. Qf3 Be6 12. Bb3 Qd7 {#}
13. Qg3 Rae8 14. Rxf6 Kh8 15. Bxe6 fxe6 16. Rxf8+ Rxf8 17. Rf1 Rxf1+ 18. Kxf1
Qf7+ 19. Qf3 Kg8 20. Qxf7+ Kxf7 21. Kf2 a6 22. d4 Kf6 23. Kf3 b6 24. d5 exd5
25. exd5 c5 26. Ne4+ Ke7 27. Ng5 h6 28. Ne6 g6 29. Nc7 a5 30. a4 Kd7 31. Na8
1-0

[Event "12e Tournoi de Noël"]
[Site "Montigny le Bretonneux"]
[Date "2009.12.27"]
[Round "2.13"]
[White "Jean, Robert"]
[Black "Couradin, Bruno"]
[Result "0-1"]
[WhiteElo "1809"]
[BlackElo "1630"]
[Annotator "Rivier,Sylvain"]
[PlyCount "60"]
[Source "La Dame Noire"]
[SourceDate "2009.01.01"]

{Ouverture anglaise, variante sicilienne inversée} 1. c4 e5 2. g3 Bc5 3. Bg2
Nf6 4. Nc3 Nc6 5. e3 d6 6. Nf3 Bg4 7. d3 O-O 8. a3 a5 9. O-O Re8 10. Qc2 Qd7
11. Rd1 Re6 12. h3 Bxf3 13. Bxf3 Rae8 14. Nd5 Nd8 15. b4 Ba7 16. bxa5 Nxd5 17.
Bxd5 Rh6 18. Bg2 {#} Rxh3 19. Bxh3 Qxh3 20. Qe2 Re6 21. Qf1 Qh5 22. Re1 Rg6 23.
Bd2 Ne6 24. Qe2 Qh3 25. Qf3 Ng5 26. Qxb7 f6 27. Qc6 Kf8 28. Rab1 e4 29. f4
Qxg3+ 30. Kf1 Qf3+ 0-1

[Event "12e Tournoi de Noël"]
[Site "Montigny le Bretonneux"]
[Date "2009.12.27"]
[Round "2.14"]
[White "Rodriguez, Jean-Pierre"]
[Black "Mourgues, Joelle"]
[Result "1/2-1/2"]
[WhiteElo "1648"]
[BlackElo "1792"]
[Annotator "Rivier,Sylvain"]
[PlyCount "55"]
[Source "La Dame Noire"]
[SourceDate "2009.01.01"]

{Ouverture anglaise, variante symétrique, système Rubinstein} 1. c4 c5 2. Nf3
Nc6 3. Nc3 d6 4. g3 Nf6 5. Bg2 e5 6. d3 Be7 7. O-O Rb8 8. a3 O-O 9. Rb1 Be6 10.
b4 a6 11. bxc5 dxc5 12. Bb2 Qc7 13. Ng5 Bf5 14. e4 Bg6 15. Nf3 Rfd8 16. Nd5
Nxd5 17. cxd5 Nd4 18. Nxd4 exd4 19. f4 f6 20. Bh3 f5 21. Qb3 Qd7 22. Rbe1 Bf8
23. Rf2 b5 24. Qd1 Qf7 25. Bg2 Qa7 26. e5 Rbc8 27. d6 Qb6 28. Bd5+ {#} 1/2-1/2

[Event "12e Tournoi de Noël"]
[Site "Montigny le Bretonneux"]
[Date "2009.12.27"]
[Round "2.15"]
[White "Habunek, Patrick"]
[Black "Mongey, Alain"]
[Result "1-0"]
[WhiteElo "1786"]
[BlackElo "1613"]
[Annotator "Rivier,Sylvain"]
[PlyCount "45"]
[Source "La Dame Noire"]
[SourceDate "2009.01.01"]

{Gambit dame, défense semi-slave} 1. d4 d5 2. Nf3 Nf6 3. c4 c6 4. Nc3 e6 5. e3
Nbd7 6. Qc2 Be7 7. Bd3 dxc4 8. Bxc4 Nb6 9. Bd3 h6 10. O-O O-O 11. Rd1 Nbd5 12.
a3 b6 13. e4 Nxc3 14. bxc3 Bb7 15. e5 Nd7 16. Qe2 Qc7 {#} 17. Qe4 f5 18. exf6
Nxf6 19. Qxe6+ Kh8 20. Ne5 Rae8 21. Ng6+ Kh7 22. Nxf8+ Kh8 23. Ng6+ 1-0

[Event "12e Tournoi de Noël"]
[Site "Montigny le Bretonneux"]
[Date "2009.12.27"]
[Round "2.16"]
[White "Mauron, Regis"]
[Black "Bouvier, Clement"]
[Result "0-1"]
[WhiteElo "1585"]
[BlackElo "1776"]
[Annotator "Rivier,Sylvain"]
[PlyCount "74"]
[Source "La Dame Noire"]
[SourceDate "2009.01.01"]

{Ouverture irrégulière} 1. b4 d5 2. Bb2 Qd6 3. b5 Qb4 4. Be5 d4 5. a4 Nd7 6.
Bg3 e5 7. Qc1 a6 8. bxa6 b6 9. c3 dxc3 10. Nxc3 c6 11. e3 Bxa6 12. Bxa6 Rxa6
13. Nd5 Qd6 14. Nc3 Nc5 15. Qc2 Nd3+ 16. Ke2 Nb4 17. Qf5 Ne7 18. Qb1 Nbd5 19.
Ne4 Qc7 20. Nf3 f6 21. Rc1 Qd7 22. a5 Nc8 23. axb6 Rxb6 24. Qa2 Be7 25. Ne1 h5
26. h4 O-O {#} 27. Nc5 Bxc5 28. Rxc5 Kh8 29. Rac1 Rd8 30. Nf3 Nb4 31. Qc4 Nd3
32. Rc2 Nxc5 33. Qxc5 Qd3+ 34. Kd1 Rb1+ 35. Rc1 e4 36. Nd4 Qf1+ 37. Kc2 Qxc1#
0-1

[Event "12e Tournoi de Noël"]
[Site "Montigny le Bretonneux"]
[Date "2009.12.27"]
[Round "2.17"]
[White "Couronne, Patrice"]
[Black "Galopin, Gregory"]
[Result "0-1"]
[WhiteElo "1768"]
[BlackElo "1590"]
[Annotator "Rivier,Sylvain"]
[PlyCount "120"]
[Source "La Dame Noire"]
[SourceDate "2009.01.01"]

{Gambit dame, défense semi-slave} 1. d4 d5 2. c4 c6 3. e3 Nf6 4. Nc3 e6 5. Nf3
Bd6 6. Be2 O-O 7. O-O Nbd7 8. a3 Re8 9. cxd5 exd5 10. b4 Ne4 11. Qc2 Nxc3 12.
Qxc3 Nf6 13. Bb2 Qc7 14. Rac1 Bd7 15. b5 Rac8 16. bxc6 Bxc6 17. h3 Ba4 18. Qxc7
Bxc7 19. Rc3 Bd6 20. Rfc1 Bd7 21. Nd2 Rxc3 22. Rxc3 Rc8 23. Rxc8+ Bxc8 {#} 24.
Bf3 Bd7 25. e4 dxe4 26. Nxe4 Nxe4 27. Bxe4 b5 28. Kf1 g6 29. Ke2 a5 30. Kd3 Kf8
31. Bc1 Bf5 32. g4 Bxe4+ 33. Kxe4 Ke7 34. Kd5 Kd7 35. g5 b4 36. axb4 Bxb4 37.
f3 a4 38. Kc4 Be7 39. f4 Bd6 40. d5 Ke7 41. Kb5 a3 42. Ka4 a2 43. Bb2 Bxf4 44.
Kb3 Bxg5 45. Kxa2 Kd6 46. Kb3 Kxd5 47. Bc3 Ke4 48. Be1 Kf3 49. Kc3 Bf4 50. Kd3
Bg3 51. Bc3 Kg2 52. Ke3 f5 53. Bf6 Kxh3 54. Kf3 Bh4 55. Be5 g5 56. Bd6 h5 57.
Be5 f4 58. Bd4 Bg3 59. Bg1 g4+ 60. Ke2 Kg2 0-1

[Event "12e Tournoi de Noël"]
[Site "Montigny le Bretonneux"]
[Date "2009.12.27"]
[Round "2.18"]
[White "Bouloc, Roger"]
[Black "Guillot, Alain"]
[Result "1/2-1/2"]
[WhiteElo "1460"]
[BlackElo "1759"]
[Annotator "Rivier,Sylvain"]
[PlyCount "115"]
[Source "La Dame Noire"]
[SourceDate "2009.01.01"]

{Défense Caro-Kann, variante d'échange} 1. e4 c6 2. d4 d5 3. exd5 cxd5 4. Nf3
Bg4 5. c3 Qb6 6. Be2 Nf6 7. Nbd2 Nbd7 8. O-O e6 9. Nb3 Bd6 10. h3 Bh5 11. Be3
Qc7 12. Qd2 O-O 13. Rac1 Rac8 14. Rfe1 Rfe8 15. Qd3 a6 16. Ng5 Bg6 17. Qd1 h6
18. Nf3 Nb6 19. Bd3 Bxd3 20. Qxd3 Nc4 21. Rc2 Ne4 22. Nbd2 {#} Nxe3 23. Qxe3
Bf4 24. Qe2 Nd6 25. Ne5 f6 26. Ng6 Bxd2 27. Qxd2 Nc4 28. Qc1 Qf7 29. Nf4 g5 30.
Ne2 e5 31. dxe5 fxe5 32. b3 Nd6 33. Ng3 Nf5 34. Nxf5 Qxf5 35. Rce2 d4 36. c4
Rcd8 37. Qd2 e4 38. Rf1 d3 39. Re3 Rf8 40. a3 Qe5 41. Rfe1 Rd4 42. Rxd3 Rxd3
43. Qxd3 exd3 44. Rxe5 Rd8 45. Re1 d2 46. Rd1 Rd3 47. b4 Kf7 48. Kf1 Ke6 49.
Ke2 Rxa3 50. Rxd2 Rb3 51. b5 axb5 52. cxb5 Rxb5 53. Ke3 Rc5 54. Rb2 b5 55. Kd4
Kd6 56. Ke4 Rc1 57. Kf3 Kc5 58. Kg4 1/2-1/2

[Event "12e Tournoi de Noël"]
[Site "Montigny le Bretonneux"]
[Date "2009.12.27"]
[Round "2.20"]
[White "Hurlot, Rodolphe"]
[Black "Vallobra, Thierry"]
[Result "1-0"]
[WhiteElo "1745"]
[BlackElo "1420"]
[Annotator "Rivier,Sylvain"]
[PlyCount "107"]
[Source "La Dame Noire"]
[SourceDate "2009.01.01"]

{Début Réti, système Barcza} 1. Nf3 d5 2. g3 Nf6 3. Bg2 e6 4. O-O Bd6 5. b3 O-O
6. Bb2 Nbd7 7. d3 c6 8. Nbd2 Qc7 9. Qe1 Re8 10. e4 dxe4 11. Nxe4 Nxe4 12. Qxe4
Be7 13. d4 Bf6 14. Rab1 b6 15. Ne5 Bxe5 16. dxe5 Bb7 17. b4 Rab8 18. Qe3 c5 19.
Bxb7 Rxb7 20. b5 Rbb8 21. c4 Qb7 22. Rbd1 Ra8 23. Rd6 a6 24. Rfd1 Nf8 25. a4
axb5 26. axb5 h6 27. h4 Kh8 28. Qf4 Kg8 29. h5 Rac8 30. Bc1 Qe7 31. Rxb6 g5 32.
Qe4 Nd7 33. Rb7 Red8 34. Ra7 Qe8 35. Bb2 Ra8 36. Raxd7 Rac8 37. Rxd8 Rxd8 38.
Rxd8 Qxd8 39. Qc2 Qa8 40. b6 Qb7 41. Qb3 Kf8 {#} 42. Ba3 Kg8 43. f3 g4 44. Bxc5
gxf3 45. Kf2 Qe4 46. Qxf3 Qc2+ 47. Qe2 Qxc4 48. b7 Qb3 49. Qg4+ Kh8 50. Qf3
Qb2+ 51. Kg1 Qxe5 52. Kg2 Qb2+ 53. Bf2 Qe5 54. Bd4 1-0

[Event "12e Tournoi de Noël"]
[Site "Montigny le Bretonneux"]
[Date "2009.12.27"]
[Round "2.21"]
[White "Brisson, Michele"]
[Black "Clement-Demange, Bernard"]
[Result "0-1"]
[WhiteElo "1290"]
[BlackElo "1735"]
[Annotator "Rivier,Sylvain"]
[PlyCount "72"]
[Source "La Dame Noire"]
[SourceDate "2009.01.01"]

{Défense hollandaise} 1. d4 f5 2. c4 Nf6 3. Nc3 b6 4. Bf4 Bb7 5. e3 e6 6. a3
Be7 7. Nf3 O-O 8. Be2 d6 9. O-O Nh5 10. Bg3 Nxg3 11. fxg3 Nd7 12. Qc2 Nf6 {#}
13. Rae1 Ng4 14. e4 Ne3 15. Qd3 Nxf1 16. Bxf1 fxe4 17. Nxe4 c5 18. dxc5 dxc5
19. Qxd8 Raxd8 20. Nc3 Bf6 21. Nb5 Bxb2 22. Nxa7 e5 23. Nb5 Bd4+ 24. Kh1 Bxf3
25. gxf3 Rxf3 26. Bg2 Re3 27. Bd5+ Rxd5 28. Rxe3 Bxe3 29. cxd5 Kf8 30. Kg2 Bd4
31. Kf3 c4 32. Ke2 Ke7 33. Kd2 h5 34. h3 g5 35. a4 g4 36. hxg4 hxg4 0-1

[Event "12e Tournoi de Noël"]
[Site "Montigny le Bretonneux"]
[Date "2009.12.27"]
[Round "2.22"]
[White "Branson, James"]
[Black "Miolane, Tom"]
[Result "1-0"]
[WhiteElo "1674"]
[BlackElo "1340"]
[Annotator "Rivier,Sylvain"]
[PlyCount "53"]
[Source "La Dame Noire"]
[SourceDate "2009.01.01"]

{Gambit dame} 1. d4 d5 2. c4 c6 3. Nc3 e6 4. Bf4 Nd7 5. e4 Bb4 6. Qc2 Ngf6 7.
exd5 cxd5 8. Bd3 O-O 9. Nge2 Nb6 10. c5 Nbd7 11. O-O {#} b6 12. c6 Nb8 13. c7
Qe7 14. cxb8=Q Rxb8 15. Bxb8 Bd7 16. Be5 g6 17. Qc1 Ng4 18. Bf4 Bd6 19. Bg5 f6
20. Bh6 Rc8 21. h3 Bh2+ 22. Kh1 Rxc3 23. Nxc3 f5 24. Qg5 Qd6 25. hxg4 Be8 26.
Qf6 Qc7 27. Qf8# 1-0

[Event "12e Tournoi de Noël"]
[Site "Montigny le Bretonneux"]
[Date "2009.12.27"]
[Round "3.1"]
[White "Goulenok, Eric"]
[Black "Guliyev, Namig"]
[Result "0-1"]
[WhiteElo "2177"]
[BlackElo "2514"]
[Annotator "Rivier,Sylvain"]
[PlyCount "69"]
[Source "La Dame Noire"]
[SourceDate "2009.01.01"]

{Début Réti, système Barcza} 1. Nf3 d5 2. g3 Nf6 3. Bg2 c6 4. O-O Bf5 5. d3
Nbd7 6. e3 h6 7. Qe2 e5 8. e4 dxe4 9. dxe4 Be6 10. Re1 a5 11. Nbd2 a4 12. Nh4
Bc5 13. Nf5 O-O 14. Qf3 Qa5 15. Rd1 Rfd8 16. Nf1 a3 17. Bd2 Bb4 18. b3 Bxd2 19.
Rxd2 Bxf5 20. Qxf5 Nf8 21. Rad1 Rxd2 22. Rxd2 {#} Ne6 23. b4 Qxb4 24. Qxe5 Qb1
25. c3 Re8 26. f3 b6 27. h4 c5 28. g4 Qc1 29. g5 Nxg5 30. Qf5 Ne6 31. e5 Nh7
32. f4 Qxc3 33. Rd7 Rf8 34. Bd5 Qd4+ 35. Kh1 0-1

[Event "12e Tournoi de Noël"]
[Site "Montigny le Bretonneux"]
[Date "2009.12.27"]
[Round "3.2"]
[White "Ider, Borya"]
[Black "Riazuelo, Gilles"]
[Result "1-0"]
[WhiteElo "2276"]
[BlackElo "2102"]
[Annotator "Rivier,Sylvain"]
[PlyCount "81"]
[Source "La Dame Noire"]
[SourceDate "2009.01.01"]

{Défense Grünfeld, variante d'échange} 1. d4 Nf6 2. c4 g6 3. Nc3 d5 4. cxd5
Nxd5 5. Bd2 Bg7 6. e4 Nb6 7. Be3 O-O 8. h3 Nc6 9. Nf3 e5 10. d5 Ne7 11. a4 h6
12. Qc1 Kh7 13. Nb5 c6 14. d6 Ng8 15. Nxa7 Be6 16. a5 Nc8 17. Nxc8 Bxc8 18. Bb6
Qd7 19. Nd2 f5 20. Be2 Nf6 21. exf5 gxf5 22. Nc4 Nd5 23. Bc5 Rg8 24. g3 Bf6 25.
h4 Qg7 26. Qc2 Kh8 27. O-O-O Be6 28. Kb1 Qf7 29. Qd2 Kh7 30. Rc1 Bg7 31. Rhg1
Bh8 32. f4 e4 33. Bd4 {#} Nxf4 34. gxf4 Rxg1 35. Bxg1 b5 36. Nb6 Rd8 37. Rxc6
Qf6 38. Be3 Rg8 39. a6 Qxh4 40. a7 Qh1+ 41. Rc1 1-0

[Event "12e Tournoi de Noël"]
[Site "Montigny le Bretonneux"]
[Date "2009.12.27"]
[Round "3.3"]
[White "Martsynovskaya, Marina"]
[Black "Fayolle, Guy"]
[Result "1-0"]
[WhiteElo "2204"]
[BlackElo "1842"]
[Annotator "Rivier,Sylvain"]
[PlyCount "107"]
[Source "La Dame Noire"]
[SourceDate "2009.01.01"]

{Partie écossaise} 1. e4 e5 2. Nf3 Nc6 3. Nc3 Nf6 4. d4 exd4 5. Nxd4 Nxd4 6.
Qxd4 d6 7. Bc4 Be7 8. Bd2 Be6 9. Bxe6 fxe6 10. e5 dxe5 11. Qxe5 Qd6 12. Qe2 Qc6
13. O-O Kf7 14. Rfe1 Rad8 15. Rad1 Rhe8 16. Bg5 Rxd1 17. Rxd1 Nd5 18. Ne4 Bxg5
19. Nxg5+ Kg8 20. Qe4 Nf6 21. Qxc6 bxc6 22. Kf1 h6 23. Nf3 Rb8 {#} 24. b3 Nd5
25. Nd4 Rd8 26. Ke1 Nc3 27. Rd2 Rd6 28. a4 Kf7 29. Nf3 Kf6 30. Rxd6 cxd6 31.
Nd4 c5 32. Nc6 a6 33. Nb8 Ke7 34. Nxa6 Kd7 35. Kd2 Nd5 36. c4 Nb6 37. a5 Nc8
38. b4 cxb4 39. Nxb4 Na7 40. Kd3 Kc7 41. f4 Nc8 42. Ke4 Ne7 43. Nc2 Nc6 44. Nd4
Nxa5 45. Nxe6+ Kd7 46. Nxg7 Nxc4 47. Nf5 h5 48. h3 Nb6 49. Ng7 h4 50. Nf5 Ke6
51. Nxh4 d5+ 52. Kd4 Kd6 53. Nf5+ Ke6 54. Ne3 1-0

[Event "12e Tournoi de Noël"]
[Site "Montigny le Bretonneux"]
[Date "2009.12.27"]
[Round "3.4"]
[White "Beaufils, Philippe"]
[Black "Etrog, Jonathan"]
[Result "0-1"]
[WhiteElo "1835"]
[BlackElo "2178"]
[Annotator "Rivier,Sylvain"]
[PlyCount "66"]
[Source "La Dame Noire"]
[SourceDate "2009.01.01"]

{Défense française} 1. e4 e6 2. c4 d5 3. cxd5 exd5 4. exd5 Nf6 5. Nc3 Nxd5 6.
Bc4 Nb6 7. Bb3 Nc6 8. Nge2 Bg4 9. O-O Bd6 10. f3 Bf5 11. Ne4 O-O 12. d3 Be7 13.
Be3 Nd5 14. Bf2 Ne5 15. Rc1 c6 16. a3 Qd7 17. Qd2 Nf6 {#} 18. Nxf6+ Bxf6 19. d4
Nd3 20. Rcd1 Nxf2 21. Rxf2 Rad8 22. g4 Be6 23. Bc2 Qe7 24. h4 Bxh4 25. Rh2 f5
26. Nf4 Bf7 27. Bxf5 g6 28. Re2 Qd6 29. Ng2 Bf6 30. Be4 Bxd4+ 31. Kh1 Qg3 32.
Qf4 Qh3+ 33. Qh2 Qxh2+ 0-1

[Event "12e Tournoi de Noël"]
[Site "Montigny le Bretonneux"]
[Date "2009.12.27"]
[Round "3.5"]
[White "Fruchard, Cyrille"]
[Black "Kuhar, Carl"]
[Result "1-0"]
[WhiteElo "1660"]
[BlackElo "1787"]
[Annotator "Rivier,Sylvain"]
[PlyCount "57"]
[Source "La Dame Noire"]
[SourceDate "2009.01.01"]

{Défense est-indienne} 1. d4 Nf6 2. c4 d6 3. Nc3 g6 4. Nf3 Bg7 5. e3 O-O 6. Be2
Re8 7. O-O Nbd7 8. Qc2 b6 9. b3 Bb7 10. Bb2 e5 11. h3 e4 12. Nh2 d5 13. Rac1 c5
14. dxc5 Nxc5 15. cxd5 Nxd5 16. Nxd5 Qxd5 17. Bxg7 Kxg7 18. Ng4 f6 19. Rfd1 Qf7
20. Qb2 h5 {#} 21. Rxc5 bxc5 22. Nxf6 Kh6 23. Nxe8 Rxe8 24. Bb5 Rb8 25. Rd7 Qf8
26. Qe5 Re8 27. Qc7 Qh8 28. Qf4+ g5 29. Qd6+ 1-0

[Event "12e Tournoi de Noël"]
[Site "Montigny le Bretonneux"]
[Date "2009.12.27"]
[Round "3.6"]
[White "Danzanvilliers, Patrice"]
[Black "Stroppa, Daniel"]
[Result "0-1"]
[WhiteElo "1855"]
[BlackElo "2208"]
[Annotator "Rivier,Sylvain"]
[PlyCount "44"]
[Source "La Dame Noire"]
[SourceDate "2009.01.01"]

{Défense Pirc, variante classique} 1. e4 d6 2. d4 Nf6 3. Nc3 g6 4. Nf3 Bg7 5.
Be2 O-O 6. h3 a6 7. a4 b6 8. Be3 Bb7 9. Nd2 Nc6 10. O-O e5 11. d5 Ne7 12. Ncb1
Nd7 13. c4 f5 14. Bg5 h6 15. Bxe7 Qxe7 16. Nc3 Nf6 17. Kh2 f4 18. g4 fxg3+ 19.
fxg3 Bc8 20. Rf2 {#} Ng4+ 21. hxg4 Rxf2+ 22. Kg1 Rf7 0-1

[Event "12e Tournoi de Noël"]
[Site "Montigny le Bretonneux"]
[Date "2009.12.27"]
[Round "3.7"]
[White "Vallobra, Pierre"]
[Black "Le Grix De La Salle, Jean-Marie"]
[Result "1-0"]
[WhiteElo "2055"]
[BlackElo "1869"]
[Annotator "Rivier,Sylvain"]
[PlyCount "67"]
[Source "La Dame Noire"]
[SourceDate "2009.01.01"]

{Défense est-indienne, variante Petrossian} 1. d4 Nf6 2. c4 g6 3. Nc3 Bg7 4. e4
d6 5. Nf3 O-O 6. Be2 e5 7. d5 Nbd7 8. Be3 a5 9. Nd2 Nc5 10. b3 Ne8 11. O-O f5
12. f3 f4 13. Bf2 g5 14. a3 Rf6 15. Rb1 Bf8 16. b4 axb4 17. axb4 Nd7 18. Rc1
Rg6 19. Nb5 Ndf6 20. Kh1 h5 21. c5 g4 {#} 22. cxd6 cxd6 23. Nc4 g3 24. Nb6 Rb8
25. Nxc8 Rxc8 26. Bb6 Rxc1 27. Bxd8 Rxd1 28. Rxd1 gxh2 29. Kxh2 Kf7 30. Ra1 Rg7
31. Ra8 Kg8 32. Nxd6 Nxd6 33. Bxf6 Nf7 34. Be7 1-0